Historia de la tecnología: la técnica en occidente, de la Prehistoria a 1900
Guardat en:
| Autors principals: | , |
|---|---|
| Format: | Llibre |
| Idioma: | espanyol |
| Publicat: |
Barcelona
Gustavo Gili
1981
|
| Matèries: | |
| Etiquetes: |
Afegir etiqueta
Sense etiquetes, Sigues el primer a etiquetar aquest registre!
|
MARC
| LEADER | 00000nam a2200000 a 4500 | ||
|---|---|---|---|
| 001 | UCV8588 | ||
| 003 | CL-VaPUC | ||
| 008 | 911015e19810000SP |||||||||||||||||spa|d | ||
| 082 | 0 | 4 | |a 609 |b KRA |2 21 |
| 100 | 0 | |a Kranzberg, Melvin |e author |9 302619 | |
| 700 | 0 | |a Pursell, Carroll W |e author |9 302620 | |
| 245 | 1 | 0 | |a Historia de la tecnología: la técnica en occidente, de la Prehistoria a 1900 |
| 300 | |a 2 v | ||
| 942 | |c BK | ||
| 945 | |d 19911015 00:00:00 | ||
| 260 | |a Barcelona |b Gustavo Gili |c 1981 | ||
| 650 | 7 | |a DESARROLLO TECNOLOGICO |2 CL-VaPUC |9 259800 | |
| 650 | 0 | |a Historia universal |9 266877 | |
| 583 | |a last modification |c 20160920 04:12:02 |k Rodrigo Vera | ||
| 999 | |c 214078 |d 214076 | ||
| 952 | |0 0 |1 0 |4 0 |6 609_000000000000000_KRA_1981 |7 0 |8 F |9 197113 |a BIBARQ |b BIBARQ |d 2019-11-14 |h v.1 |i 2648466 |o 609 KRA 1981 |p 2648466 |r 2025-01-20 |w 2019-11-14 |y BK_F |k ARQ | ||
| 952 | |0 0 |1 0 |4 0 |6 609_000000000000000_KRA_1981 |7 0 |8 F |9 197114 |a BIBARQ |b BIBARQ |d 2019-11-14 |h v.2 |i 2648474 |o 609 KRA 1981 |p 2648474 |r 2025-01-20 |w 2019-11-14 |y BK_F |k ARQ | ||
| 952 | |0 0 |1 0 |4 0 |6 609_000000000000000_KRA_1981 |7 0 |8 X |9 197115 |a BIBHIS |b BIBHIS |d 2019-11-14 |h v.1 |i 1361554 |o 609 KRA 1981 |p 1361554 |r 2024-01-30 |w 2019-11-14 |y BK_X |k HIS | ||
| 952 | |0 0 |1 0 |4 0 |6 609_000000000000000_KRA_1981 |7 0 |8 X |9 197116 |a BIBHIS |b BIBHIS |d 2019-11-14 |h v.2 |i 1361562 |o 609 KRA 1981 |p 1361562 |r 2024-01-30 |w 2019-11-14 |y BK_X |k HIS | ||